000 01106cad a22002055a 4500
001 E154886
008 120130e20120127xxk 000 0 eng u
035 _a(Sirsi) u154886
041 0 _aeng
110 2 _aBank of Scotland
_95792
245 0 0 _aCost of moving rises faster than house prices over the past decade
_h[electronic resource]
260 _c2012
490 _aBank of Scotland Press Release
_v27 January 2012
520 _aThe cost of moving house in Scotland has risen by 69% over the last ten years, whilst house prices have risen by 64% over the same period. The cost of moving home is now greater than at any time since the house price peak in 2007. Despite the rise, the cost of moving house in Scotland is 22% lower than the UK average (£6 972 in Scotland, compared to £8 922 in the UK).
590 _aKA
651 4 _aScotland
_y1999-
690 _aPROPERTY-RESIDENTIAL PROPERTY-RESIDENTIAL PROPERTY MARKET
856 4 0 _uhttps://www.lloydsbankinggroup.com/media/pdfs/bos/2012/2701_moving_Scotland.pdf
_zView the news release free of charge at www.lloydsbankinggroup.com
942 _n0
999 _c83738
_d83738